| 000 | 01105nam a2200325 i 4500 | ||
|---|---|---|---|
| 001 | 11862 | ||
| 003 | KOSZ 005 | ||
| 005 | 20200811082843.0 | ||
| 008 | 071019s1967 pl a f 000 0 pol | ||
| 015 | _aPB 1968/500 | ||
| 040 |
_aWA N _cWA N _dKOSZ 005/RW |
||
| 080 | _a633.1(438):338 | ||
| 100 | 1 |
_aRasiński, Jerzy _d(1926-2004) _eAutor |
|
| 245 | 1 | 0 |
_aOpłacalność produkcji zbóż / _cJerzy Rasiński. |
| 260 |
_aWarszawa : _bPaństwowe Wydawnictwo Rolnicze i Leśne, _c1967. |
||
| 300 |
_a71, [5] s. : _bil. ; _c18 cm. |
||
| 336 |
_2rdacontent _aTekst _btxt |
||
| 337 |
_2rdamedia _aBez urządzenia pośredniczącego _bn |
||
| 338 |
_2rdacarrier _aWolumin _bnc |
||
| 380 | _aKsiążki | ||
| 388 | _a1901-2000 | ||
| 388 | _a1945-1989 | ||
| 650 | 4 | _aZboże | |
| 650 | 4 | _aUprawa roślin | |
| 650 | 4 | _aEkonomika rolnictwa | |
| 658 | _aRolnictwo i leśnictwo | ||
| 710 | 2 |
_aPaństwowe Wydawnictwo Rolnicze i Leśne _4pbl. |
|
| 856 |
_uhttp://koha.tu.koszalin.pl/cgi-bin/koha/opac-detail.pl?biblionumber=11862 _yKatalog online BPK |
||
| 942 |
_2UKD _cKS |
||
| 999 |
_c11862 _d11862 |
||